000 00251nam a2200097Ia 4500
005 20251222114415.0
008 251222s1900||||xx |||||||||||||| ||spa||
082 _aDVD0070/L95/1999/Ej.2
245 0 _aUna historia verdadera:The Straight Story
942 _cDVD
999 _c2214
_d2214